Επιχειρησιακή Έρευνα / Για τη λήψη επιχειρηματικών αποφάσεων Α: Μαθηματικός Προγραμματισμός (Record no. 5068)
[ view plain ]
| 000 -LEADER | |
|---|---|
| fixed length control field | 01633cam a22001814a 4500 |
| 005 - ΗΜΕΡΟΜΗΝΙΑ ΚΑΙ ΩΡΑ ΤΕΛΕΥΤΑΙΑΣ ΕΝΗΜΕΡΩΣΗΣ | |
| Πεδίο ελέγχου | 20250605164203.0 |
| 008 - FIXED-LENGTH DATA ELEMENTS--GENERAL INFORMATION | |
| Πεδίο ελέγχου σταθερού μήκους | 250528s ||||||||||||||||||||||||d |
| 035 ## - SYSTEM CONTROL NUMBER | |
| System control number | 19821 |
| 040 ## - ΠΗΓΗ ΚΑΤΑΛΟΓΟΓΡΑΦΗΣΗΣ | |
| Φορέας πρωτότυπης καταλογογράφησης | MC Athens Campus Library |
| Γλώσσα καταλογογράφησης | Ελληνικά, Μοντέρνα (1453-) |
| Modifying agency | MC Athens Campus Library |
| Κανόνες περιγραφικής καταλογογράφησης | AACR2 |
| 245 1# - ΤΙΤΛΟΣ ΚΑΙ ΔΗΛΩΣΗ ΥΠΕΥΘΥΝΟΤΗΤΑΣ | |
| Τίτλος | Επιχειρησιακή Έρευνα / Για τη λήψη επιχειρηματικών αποφάσεων Α: Μαθηματικός Προγραμματισμός |
| 260 ## - PUBLICATION, DISTRIBUTION, ETC. | |
| Name of publisher, distributor, etc. | Α.Σταμουλης, |
| Date of publication, distribution, etc. | 1994 |
| 300 ## - PHYSICAL DESCRIPTION | |
| Extent | 276 |
| 520 ## - SUMMARY, ETC. | |
| Summary, etc. | Εισαγωγή στην Επιχειρησιακή Έρευνα, Επιστημονικά Πρότυπα στη Λήψη Αποφάσεων, Εισαγωγή στον Γραμμικό Προγραμματισμό, Διατύπωση Προβλημάτων Γραμμικού Προγραμματισμού, Παραδείγματα Προβλημάτων Γραμμικού Προγραμματισμού, Λύση Προβλημάτων Γραμμικού Προγραματισμού, Το Δυικό Πρόβλημα, Ανάλυση της Λύσης, Χρήση του Η/Υ για Προβλήματα ΓΠ, Ειδικά Προβλήματα ΓΠ, Διατύπωση Προβλημάτων Ακέραιου Προγραμματισμού, Λύση Προβλημάτων Ακέραιου Προγραμματισμού, Δυναμικός Προγραμματισμός, Εφαρμογές Δυναμικού Προγραμματισμού, Επιχειρησιακή Έρευνα και Πληροφορική, Ασκήσεις. |
| 700 1# - ΠΡΟΣΘΕΤΗ ΑΝΑΓΡΑΦΗ--ΦΥΣΙΚΟ ΠΡΟΣΩΠΟ | |
| Personal name | Πραστάκος Γρηγόρης |
| 9 (RLIN) | 5505 |
| 942 ## - ADDED ENTRY ELEMENTS (KOHA) | |
| Koha item type | Books |
| Τύπος τεκμηρίου | Βιβλιοθήκη | Τρέχουσα τοποθεσία | Barcode | Αριθμός εισαγωγής | Ημερομηνία απόκτησης | Ταξιθετικό σύμβολο | Αριθμός αντιτύπου | Κατάσταση απόσυρσης | Κατάσταση χαμένου | Κατάσταση κατεστραμμένου | Μη δανεισμός | Σύνολο δανεισμών | Ημερομηνία τελευταίας εμφάνισης | Η τιμή ισχύει από |
|---|---|---|---|---|---|---|---|---|---|---|---|---|---|---|
| Books | MC Athens Campus Library | MC Athens Campus Library | 9780000050670 | 5919 | 05/06/2025 | 658.83 PRA | 1 | 05/06/2025 | 05/06/2025 |